000 00781nam a2200193 4500
001 136286
003 ES-MaACL
005 20250925063041.0
007 t|
008 070214s1946 sp r ||||1| spa d
100 1 _aRumeu de Armas, Antonio,
_d1912-2006
_9100991
245 1 0 _aDon Juan de Monteverde, Capitán General de la isla de la Palma /
_cAntonio Rumeu de Armas.
260 _aLas Palmas :
_b[s. n.],
_c1946 (
_fTip. Alzola)
300 _a16 p. ;
_c24 cm.
500 _aEs publicación de El Museo Canario, incorporado al Consejo Superior de Investigaciones Científicas ------ Separata de la revista `El Museo Canario`, nº 19, Julio-Septiembre 1946.
710 2 _aEl Museo Canario.
_93455
852 _aES-MaACL
_j1908-F-21
_bR.30637
999 _c136286
_d136286